000 00830nam a2200241Ia 4500
003 GCL
008 140319s9999 xx 000 0 ara d
020 _a0040345977
040 _aGCL /
_cGCL
082 0 4 _a005.3
_bو د
100 1 _aوورنر، جانين
245 1 0 _aدريم ويفر 4 - DREAMWEAVER 4 /
_cوورنر، جانين
700 1 _aفاتشير، بول
260 _aالقاهرة :
_bدار الفاروق للنشر والتوزيع ،
_c2001
300 _a432 ص ؛
_c24 سم
650 0 4 _aالحاسبات الالكترونية
650 0 4 _aنظم المعلومات
650 0 4 _aاختزان واسترجاع المعلومات
650 0 4 _aالبرامج الالية
650 0 4 _aالحاسبات الالكترونية - برامج
650 0 4 _aدريم ويفر4
942 _2ddc
_cBK
999 _c5423
_d5423